000
00317nam a2200133Ia 4500
003
Ost
005
20260225132555.0
008
260225s9999||||xx |||||||||||||| ||und||
040
_c
fsic
041
_a
fre
082
_a
440
245
0
_a
Annuaire du cinéma français et de l'audiovisuel 1990-1991 /
942
_c
كتاب
999
_c
34410
_d
34410